The making of social movements in Latin America : identity, strategy and democracy

Αποθηκεύτηκε σε:
Λεπτομέρειες βιβλιογραφικής εγγραφής
Άλλοι συγγραφείς: Escobar, Arturo 1952- (Επιμελητής έκδοσης), Alvarez, Sonia E. 1956- (Επιμελητής έκδοσης)
Μορφή: Βιβλίο
Γλώσσα:English
Δημοσίευση: Boulder : Westview Press, c1992
Σειρά:Series in political economy and economic development in Latin America
Θέματα:
Ετικέτες: Προσθήκη ετικέτας
Δεν υπάρχουν, Καταχωρήστε ετικέτα πρώτοι!

MARC

LEADER 00000nam a2200000 i 4500
001 1/18519
008 981019s1992 eng d
020 |a 0-8133-1207-8 
035 |l 10020942 
040 |a GR-MY-UA  |b gre  |e aacr 
041 0 |a eng 
082 0 |a 303.484098 
245 1 4 |a The making of social movements in Latin America :  |b identity, strategy and democracy /  |c Edited by Arturo Escobar; Sonia E. Alvarez 
260 |a Boulder :   |b Westview Press,   |c c1992 
300 |a 383 p. 
490 1 |a Series in political economy and economic development in Latin America 
504 |a Includes bibliographical references and index 
650 0 0 |a Social movements  |z Latin America. 
700 1 |a Escobar, Arturo  |d 1952-  |4 edt 
700 1 |a Alvarez, Sonia E.  |d 1956-  |4 edt 
830 0 |a Series in political economy and economic development in Latin America 
852 |a INST  |b LESVOS  |e 19981019  |h 303.484098 MAK  |p 005100012713  |q 005100012713  |t BK  |y 0 
901 |a BIBL-1998-3 
909 |a Λ  |b 059433 
922 |a 1ΕΛΗ  |b 199809  |c ΚΠΣ/ΤΚΑ  |d ΠΑΠΑΣΩΤΗΡΙΟΥ 
950 |a 117-1998-07-11